Catálogo

Diseño urbano. (Registro nro. 12717)

Detalles MARC
000 -LEADER
fixed length control field 01269cam a2200325 i 4500
001 - CONTROL NUMBER
control field 12717
003 - CONTROL NUMBER IDENTIFIER
control field Mx-PuUPA
005 - DATE AND TIME OF LATEST TRANSACTION
control field 20240410103500.0
008 - FIXED-LENGTH DATA ELEMENTS--GENERAL INFORMATION
fixed length control field 140415s1994 mx ae fr 000 0 spa d
020 ## - INTERNATIONAL STANDARD BOOK NUMBER
International Standard Book Number 9688872571
040 ## - CATALOGING SOURCE
Original cataloging agency Mx-PuUPA
Language of cataloging spa
Transcribing agency Mx-PuUPA
Modifying agency Mx-PuUPA
Description conventions rda
041 1# - LANGUAGE CODE
Language code of text/sound track or separate title spa
Language code of original eng
100 1# - MAIN ENTRY--PERSONAL NAME
Personal name Littlewood, Michael,
Relator term autor
9 (RLIN) 12073
240 1# - UNIFORM TITLE
Uniform title Landscape detailing.
Number of part/section of a work Volume 1.
Name of part/section of a work Enclosure.
Language of a work Español
245 10 - TITLE STATEMENT
Title Diseño urbano.
Number of part/section of a work 1.
Name of part/section of a work Muros y cerramientos /
Statement of responsibility, etc. Michael Littlewood ; versión castellana de Santi Castán.
264 #1 - PRODUCTION, PUBLICATION, DISTRIBUTION, MANUFACTURE, AND COPYRIGHT NOTICE
Place of production, publication, distribution, manufacture México :
Name of producer, publisher, distributor, manufacturer Ediciones G. Gili,
Date of production, publication, distribution, manufacture, or copyright notice 1994
300 ## - PHYSICAL DESCRIPTION
Extent 201 páginas :
Other physical details ilustraciones, planos, diagramas ;
Dimensions 30 cm
336 ## - CONTENT TYPE
Fuente rdacontent
Content type term texto
Content type code txt
337 ## - MEDIA TYPE
Source rdamedia
Media type term sin medio
Media type code n
338 ## - CARRIER TYPE
Source rdacarrier
Carrier type term volumen
Carrier type code nc
490 0# - SERIES STATEMENT
Series statement Detalles
650 #7 - SUBJECT ADDED ENTRY--TOPICAL TERM
Topical term or geographic name entry element Cercas
General subdivision Diseño y construcción
Source of heading or term armarc
650 #7 - SUBJECT ADDED ENTRY--TOPICAL TERM
Topical term or geographic name entry element Jardines
General subdivision Diseño y construcción
Source of heading or term armarc
650 #7 - SUBJECT ADDED ENTRY--TOPICAL TERM
Topical term or geographic name entry element Muros
General subdivision Diseño y construcción
Source of heading or term armarc
700 1# - ADDED ENTRY--PERSONAL NAME
Personal name Castan, Santi,
Relator term traductor
765 08 - ORIGINAL LANGUAGE ENTRY
Main entry heading Littlewood, Michael,
Place, publisher, and date of publication [Lugar de publicación no identificado] : Butterwoth-Heinemann, 1993
Title Landscape detailing. Volume 1. Enclosure.
942 ## - ADDED ENTRY ELEMENTS (KOHA)
Source of classification or shelving scheme Dewey Decimal Classification
Koha item type Libro
Classification part 717
Item part L775
Existencias
Withdrawn status Lost status Source of classification or shelving scheme Damaged status Not for loan Collection code Home library Current library Shelving location Date acquired Source of acquisition Serial Enumeration / chronology Total Checkouts Full call number Barcode Date last seen Copy number Price effective from Koha item type
    Dewey Decimal Classification     Referencia Biblioteca Karol Wojtyla Biblioteca Karol Wojtyla Área de silencio 03/12/2013 Compra v.1   717 L775 1994 35676 05/01/2026 Ej.2 03/12/2013 Libro R
    Dewey Decimal Classification     Referencia Biblioteca Karol Wojtyla Biblioteca Karol Wojtyla Área de silencio 03/12/2013 Compra v.1   717 L775 1994 29186 05/01/2026   03/12/2013 Libro R